000 00621nam a2200193 a 4500
005 20240924065203.0
008 991125s1965 ea 000 0 spa u
035 _aUPN01000017621
049 _aSEP
050 4 _aL106
_bC4.3 1965
100 1 _aCebollero, Pedro A.
245 1 3 _aLa educación general en el nivel medio /
_cpor Pedro A. Cebollero.
260 _aWashington :
_bSEP :
_bUnión Panamericana,
_c1965.
300 _a31 p.
440 0 _aDocumento ;
_v5
500 _a"Reunión Técnica sobre Planeamiento de la Educación Media"
650 4 _aEducación secundaria
_zAmérica Latina
_915154
905 _aLibro
999 _c17621
_d17621